Imola (San Marino) Grand Prix Winners - Statistics

General Stats
  • This quiz has been taken 27 times
  • The average score is 25 of 30
Answer Stats
Year Driver 2nd 3rd % Correct
1991 Ayrton Senna Gerhard Berger JJ Lehto
96%
1989 Ayrton Senna Alain Prost Alessandro Nannini
96%
1988 Ayrton Senna Alain Prost Nelson Piquet
96%
2020 (Imola) Lewis Hamilton Valtteri Bottas Daniel Ricciardo
96%
2024 Max Verstappen Lando Norris Charles Leclerc
96%
2022 Max Verstappen Sergio Perez Lando Norris
96%
2021 Max Verstappen Lewis Hamilton Lando Norris
96%
2006 (San Marino) Michael Schumacher Fernando Alonso Juan Pablo Montoya
96%
2004 Michael Schumacher Jenson Button Juan Pablo Montoya
96%
2003 Michael Schumacher Kimi Raikkonen Rubens Barrichello
96%
2002 Michael Schumacher Rubens Barrichello Ralf Schumacher
96%
2000 Michael Schumacher Mika Hakkinen David Coulthard
96%
1999 Michael Schumacher David Coulthard Rubens Barrichello
96%
1994 Michael Schumacher Nicola Larini Mika Hakkinen
96%
1993 Alain Prost Michael Schumacher Martin Brundle
92%
1986 Alain Prost Nelson Piquet Gerhard Berger
92%
1984 Alain Prost Rene Arnoux Elio de Angelis
92%
2005 Fernando Alonso Michael Schumacher Alexander Wurz
92%
2001 Ralf Schumacher David Coulthard Rubens Barrichello
92%
1996 Damon Hill Michael Schumacher Gerhard Berger
88%
1995 Damon Hill Jean Alesi Gerhard Berger
88%
1981 Nelson Piquet Riccardo Patrese Carlos Reutemann
84%
1992 Nigel Mansell Riccardo Patrese Ayrton Senna
80%
1987 Nigel Mansell Ayrton Senna Michele Alboreto
80%
1998 David Coulthard Michael Schumacher Eddie Irvine
68%
1990 Riccardo Patrese Gerhard Berger Alessandro Nannini
52%
1997 Heinz-Harald Frentzen Michael Schumacher Eddie Irvine
44%
1983 Patrick Tambay Alain Prost Rene Alexandre
40%
1982 Didier Pironi Gilles Villeneuve Michele Alboreto
24%
1985 Elio de Anfelis Thierry Boutsen Patrick Tambay
4%
No matching quizzes found
Score Distribution
Percent of People with Each Score
Percentile by Number Answered
Your Score History
You have not taken this quiz